000 00539nam a2200169 i 4500
001 56637
003 ES-MaACL
005 20230906163421.0
007 t|
008 031010s1973 sp ||||1| spa d
245 0 4 _aLos encofrados deslizantes... /
_cTudor Dinescu ... [et al.] ; traducido por Luis Casas López Amor.
260 _aMadrid :
_bEspasa-Calpe,
_c1973.
300 _a496 p., 3 lám. :
_bil. ;
_c23 cm.
700 1 _aDinescu, Tudor.
_944834
700 1 _aCasas López Amor, Luis.
_936226
852 _aES-MaACL
_jC-54311
_bR.87198
999 _c56637
_d56637